000 00309nam a22001337a 4500
008 181008b xxu||||| |||| 00| 0 eng d
020 _a9780444508461
041 _aeng
080 _a610
100 _a4
101 _aSHM
245 _aManagement of acute and chronic neck pain
_cBogduk,N
942 _2udc
_cBK
999 _c49008
_d49008